| 000 | 01433nam2a22002651 4500 | ||
|---|---|---|---|
| 001 | RU\NLR\INFOCOMM15\1000083657 | ||
| 005 | 20250617041117.0 | ||
| 035 | _a(NLR Aleph) 002436872 | ||
| 090 |
_a2045977 _c2045977 |
||
| 100 | _a20040303d1992 |||y0rusy50 ca | ||
| 101 | 0 | _arus | |
| 102 | _aRU | ||
| 105 | _ay ||||||||| | ||
| 200 | 1 |
_aЭкология и железнодорожный транспорт _fЮ.И. Коробов, Ж.В. Пузанова |
|
| 210 |
_d1992 _aБ. м. |
||
| 461 | 0 |
_1001RU\NLR\INFOCOMM15\1000083656 _12001#$aЖелезнодорожный транспорт$e(Отеч. и зарубеж. опыт)$eОбзор. информ.$iЭкология и железнодорожный транспорт$fЦНИИ информ. и техн.-экон. исслед. ж.-д. трансп. (ЦНИИТЭИ)$v1992, Вып.1 _92045968 _cМ. _d1992- _fЦНИИ информ. и техн.-экон. исслед. ж.-д. трансп. (ЦНИИТЭИ) _iЭкология и железнодорожный транспорт _o(Отеч. и зарубеж. опыт) : Обзор. информ. _tЖелезнодорожный транспорт _x0135-9134 _v1992, Вып.1 |
|
| 700 | 1 |
_aКоробов _bЮ.И. _4070 |
|
| 701 | 1 |
_aПузанова _bЖ.В. _4070 |
|
| 801 | 1 |
_aRU _bInfoComm _c20040303 |
|
| 801 | 0 |
_aRU _bNLR _gPSBO |
|
| 852 |
_aNLR _jП10/6976 |
||
| 942 | _cISSUE | ||
| 980 | _aNB | ||
| 980 | _aRUSPER | ||